Sustainable buildings (Record no. 104185)

MARC details
000 -LEADER
fixed length control field 00962cam a2200241 4500
001 - CONTROL NUMBER
control field L129420
008 - FIXED-LENGTH DATA ELEMENTS--GENERAL INFORMATION
fixed length control field 050414n2003 000 0 eng u
020 ## - INTERNATIONAL STANDARD BOOK NUMBER
International Standard Book Number 186081641X
035 ## - SYSTEM CONTROL NUMBER
System control number (Sirsi) u129420
041 ## - LANGUAGE CODE
Language code of text/sound track or separate title eng
050 ## - LIBRARY OF CONGRESS CALL NUMBER
Classification number 333.72
-- 18
100 ## - MAIN ENTRY--PERSONAL NAME
Personal name Yates, Alan
245 ## - TITLE STATEMENT
Title Sustainable buildings
Remainder of title benefits for designers
260 ## - PUBLICATION, DISTRIBUTION, ETC.
Place of publication, distribution, etc. Watford
Name of publisher, distributor, etc. BRE
Date of publication, distribution, etc. 2003
300 ## - PHYSICAL DESCRIPTION
Extent 10p.
Dimensions 30cm.
350 ## - PRICE (NR) (BK AM CF MU VM SE) [OBSOLETE]
Price 12
490 ## - SERIES STATEMENT
Series statement BRE Information Paper
Volume/sequential designation IP13/03 Part 2
520 ## - SUMMARY, ETC.
Summary, etc. This Information paper results from a study of the business benefits of sustainable practices in the construction and property sectors. It is the second of a set of four that explore this theme. The other three focus on occupiers, investors and developers, and consructors.
690 ## - LOCAL SUBJECT ADDED ENTRY--TOPICAL TERM (OCLC, RLIN)
Topical term or geographic name as entry element PROPERTY-PROPERTY DEVELOPMENT-SUSTAINABLE PROPERTY DEVELOPMENT
710 ## - ADDED ENTRY--CORPORATE NAME
Corporate name or jurisdiction name as entry element Building Research Establishment
710 ## - ADDED ENTRY--CORPORATE NAME
Corporate name or jurisdiction name as entry element United Kingdom
Subordinate unit Department of Trade and Industry
942 ## - ADDED ENTRY ELEMENTS (KOHA)
Suppress in OPAC 0
Holdings
Withdrawn status Lost status Source of classification or shelving scheme Damaged status Not for loan Home library Current library Shelving location Date acquired Total Checkouts Full call number Barcode Date last seen Copy number Price effective from Koha item type
    Dewey Decimal Classification     London London Enquiry desk 19/04/2005   ENQUIRY DESK 30069782 06/08/2019 1 06/08/2019 Book